Welcome to the Holygrace Academy Library

Please use search bar below to get started

DHASAVATHARA KATHAKAL (Record no. 1280)

MARC details
000 -LEADER
fixed length control field 00271nam a22001217a 4500
082 ## - DEWEY DECIMAL CLASSIFICATION NUMBER
Classification number 894.812.3
Item number SAT/D
100 ## - MAIN ENTRY--AUTHOR NAME
Personal name SATHEESAN
245 ## - TITLE STATEMENT
Title DHASAVATHARA KATHAKAL
260 ## - PUBLICATION, DISTRIBUTION, ETC. (IMPRINT)
Place of publication THRISSUR
Name of publisher H&C PUBLISHING HOUSE
300 ## - PHYSICAL DESCRIPTION
Number of Pages 71
650 ## - SUBJECT ADDED ENTRY--TOPICAL TERM
Topical Term SHORT STORY
Geographic subdivision KERALA
942 ## - ADDED ENTRY ELEMENTS (KOHA)
Koha item type Books
Holdings
Withdrawn status Lost status Collection code Home library Current library Shelving location Date acquired Source of acquisition Cost, normal purchase price Full call number Accession Number Koha item type
    Fiction Main Library Main Library SHELF-6C MALAYALAM SHORT STORIES 06/03/2014 PURCHASE 10.00 894.812.3 SAT/D 07728 Books